00264nam a22001097a 4500020001800000082001700018100001700035245004900052260003200101300000800133650001300141 a9780141027807 a303.6012 SEN aSen, Amartya aIdentity & Violence: The Illusion of Destiny aLondonbPenguin Booksc2006 a215 aviolence